Lana Del Rey Albums - Statistics

General Stats
  • This quiz has been taken 1,069 times
  • The average score is 8 of 9
Answer Stats
Year Album % Correct
2012 Born To Die
97%
2014 Ultraviolence
94%
2019 Norman F*****g Rockwell
89%
2015 Honeymoon
87%
2023 Did You Know That There's a TunnelUnder Ocean Blvd
86%
2021 Blue Banisters
84%
2017 Lust For Life
84%
2021 Chemtrails Over The Country Club
82%
2010 Lana Del Ray (A.K.A. Lizzy Grant)
76%
No matching quizzes found
Score Distribution
Percent of People with Each Score
Percentile by Number Answered
Your Score History
You have not taken this quiz